[Event "45th Olympiad 2024"]
[Site "Budapest HUN"]
[Date "2024.09.18"]
[Round "7.1"]
[Board "1"]
[White "Gukesh, D."]
[Black "Wei, Yi"]
[Result "1-0"]
[WhiteElo "2764"]
[BlackElo "2762"]
[PlyCount "159"]
[EventDate "2024.09.11"]
[WhiteTeam "India"]
[BlackTeam "China"]
[WhiteTeamCountry "IND"]
[BlackTeamCountry "CHN"]

1. e4 c5 2. Nf3 d6 3. Nc3 Nf6 4. Be2 e5 5. Bc4 Be7 6. d3 Nc6 7. Bg5 O-O $146 ({RR} 7... Nd7 8. Bxe7 Qxe7 9. Nd5 Qd8 10. h4 h6 11. c3 Nf6 12. Nd2 O-O 13. Nxf6+ Qxf6 14. Nf1 Kh8 15. Ne3 Qg6 16. g4 Nd8 17. Qf3 Bd7 18. g5 Ne6 19. gxh6 gxh6 20. Nd5 f5 21. O-O-O b5 22. Rhg1 {½-½ Carlsen,M (2830)-Vachier Lagrave,M (2728) GRENKE Chess Classic 2024 (4.2)}) 8. Bxf6 Bxf6 9. Nd5 Be6 10. Qd2 a6 11. O-O b5 12. Bb3 Kh8 13. a3 Rb8 14. h3 g6 15. c3 Bg7 16. Ba2 f5 17. Ng5 Bg8 18. exf5 gxf5 19. f4 c4 20. dxc4 bxc4 21. Bxc4 exf4 22. Nf3 Na5 23. Ba2 Nb3 24. Bxb3 Rxb3 25. Nxf4 Qb6+ 26. Rf2 Rb8 27. Rd1 Rxb2 28. Qxb2 Qxb2 29. Rxb2 Rxb2 30. Rxd6 a5 31. Rd8 Bxc3 32. Nd5 Rb1+ 33. Kf2 Rd1 34. Rxg8+ Kxg8 35. Nxc3 Rc1 36. Nb5 Rc2+ 37. Kf1 Kf7 38. Nfd4 Rc1+ 39. Ke2 Kf6 40. Nd6 Rc3 41. N6b5 Rc1 42. Ke3 Rg1 43. Kf2 Rc1 44. Ne2 Rb1 45. Nbc3 Rb3 46. a4 Ke5 47. g3 Rb6 48. Ke3 Rb4 49. Kd3 h6 50. Ke3 Rb3 51. Kd3 Rb4 52. Ng1 Rb8 53. Nf3+ Kf6 54. Nd4 Rd8 55. Ke3 Rc8 56. Kd3 Rd8 57. Nce2 Rb8 58. Nf4 Rb1 59. Nd5+ Ke5 60. Nc3 Rh1 61. Nf3+ Kd6 62. h4 Rh3 63. Ne2 f4 64. Nfg1 Rh1 65. gxf4 Rxh4 66. Nf3 Rh1 67. f5 h5 68. Nc3 h4 69. Ne4+ Kd7 70. Ne5+ Kd8 71. f6 h3 72. f7 Rf1 73. Ng5 h2 74. Ngf3 Ke7 75. Nxh2 Ra1 76. Nhg4 Ra3+ 77. Kd2 Rxa4 78. Nh6 Ra2+ 79. Ke3 Ra3+ 80. Ke4 1-0

[Event "45th Olympiad 2024"]
[Site "Budapest HUN"]
[Date "2024.09.18"]
[Round "7.1"]
[Board "2"]
[White "Yu, Yangyi"]
[Black "Praggnanandhaa, R."]
[Result "1/2-1/2"]
[WhiteElo "2703"]
[BlackElo "2750"]
[PlyCount "34"]
[EventDate "2024.09.11"]
[WhiteTeam "China"]
[BlackTeam "India"]
[WhiteTeamCountry "CHN"]
[BlackTeamCountry "IND"]

1. d4 {Ftacnik,Lubomir} d5 2. c4 dxc4 3. Nf3 Nf6 4. e3 e6 5. Bxc4 c5 6. O-O Nc6 7. Qe2 a6 8. Rd1 b5 9. dxc5 Qc7 10. Bd3 Bxc5 11. a4 bxa4 ({RR} 11... b4 12. Nbd2 Bb7 13. Nb3 Na5 ({RR} 13... Bd6 14. e4 O-O 15. Bg5 Ng4 16. g3 h6 17. Bd2) 14. Nxc5 Qxc5 15. e4 Nb3 16. Rb1 O-O ({RR} 16... Nxc1 17. Rbxc1 Qa5 ({RR} 17... Qh5 18. Rc7) 18. Nd2 O-O 19. Nc4) 17. Be3 Qh5 ({RR} 17... Qc6 18. Bc2 Nc5 19. e5) ({RR} 17... Qc7 18. Bc2 Nc5 19. Rbc1 Ng4 20. Bd4) 18. Qc2 Na5 19. Rbc1 ({RR} 19. Qc5 Qxc5 20. Bxc5 Rfd8 21. Bxb4 Rxd3 22. Rxd3 Bxe4) 19... Rad8 ({RR} 19... Rac8 20. Qe2 Nxe4 21. Rxc8 Rxc8 22. Bxa6 Nf6) 20. Bb6 Rd6 ({RR} 20... Rxd3 21. Qxd3 Bxe4 22. Qxa6 Bxf3 23. Rc8 Ne8 ({RR} 23... Qg4 24. Rxf8+ Kxf8 25. Qc8+) 24. gxf3) 21. Qc5 Qxc5 ({RR} 21... Rxd3 22. Rxd3 Bxe4 23. Qxh5 Nxh5 24. Re3) 22. Bxc5 Rd7 ({RR} 22... Rxd3 23. Rxd3 Rc8 24. Rcd1 Nc6 25. Bxb4 Nxe4 26. Ba3) ({RR} 22... Rc6 23. Ne5 Rfc8 24. Nxc6 Nxc6 25. f3) 23. Ne5 Rdd8 ({RR} 23... Rxd3 24. Rxd3 Rc8 25. Rcd1) 24. Bxb4 Nb3 25. Rc3 ({RR} 25. Rc7 Bxe4 26. Bxf8 Kxf8 27. Rxf7+ Kg8 28. Rc7) 25... Rfe8 ({RR} 25... Nd4 26. Bxf8 Kxf8 27. Rc7) 26. Rxb3 {1-0 Ivanchuk,V (2699)-Ponomariov,R (2734) Corus Wijk aan Zee 2003 (13)}) 12. Rxa4 O-O 13. Bd2 Bb7 14. Rc1 $146 ({RR} 14. Bc3 e5 15. Nbd2 Rfd8 16. Ne4 Nxe4 17. Bxe4 Rxd1+ 18. Qxd1 Rd8 19. Qc2 h6 20. Rc4 Qd6 21. g3 f5 22. Bxf5 Na5 23. Bxa5 {1-0 Koksal,E (2297)-Pacher,M (2387) 10th Cesme Open A 2024 (8.13)}) 14... Qd6 15. Rd1 Qc7 16. Rc1 Qd6 17. Rd1 Qc7 1/2-1/2

[Event "45th Olympiad 2024"]
[Site "Budapest HUN"]
[Date "2024.09.18"]
[Round "7.1"]
[Board "3"]
[White "Erigaisi, Arjun"]
[Black "Bu, Xiangzhi"]
[Result "1/2-1/2"]
[WhiteElo "2778"]
[BlackElo "2693"]
[PlyCount "52"]
[EventDate "2024.09.11"]
[WhiteTeam "India"]
[BlackTeam "China"]
[WhiteTeamCountry "IND"]
[BlackTeamCountry "CHN"]

1. e4 e5 2. Nf3 Nf6 3. Nxe5 d6 4. Nf3 Nxe4 5. Nc3 Nxc3 6. dxc3 Be7 7. Be3 O-O 8. Qd2 Nd7 9. O-O-O Nf6 10. Bd3 Re8 11. h3 Bd7 12. Rhe1 c5 13. Bg5 ({RR} 13. c4 Bc6 14. Bf4 Qd7 15. Re3 Bf8 16. Rde1 Rxe3 17. Rxe3 Re8 18. Qe2 Rxe3 19. Qxe3 Qe6 20. Kd2 h6 21. g4 Ne4+ 22. Ke2 Be7 23. c3 Kf8 24. Nd2 Ng5 25. Qxe6 fxe6 26. h4 Nf7 27. Bg3 g5 {½-½ Yilmaz,B (2280)-Atalik,S (2456) Serbia Open 2024 (2.14)}) 13... h6 14. Bxf6 Bxf6 15. Be4 Qa5 $146 ({RR} 15... Bc6 16. Bxc6 Rxe1 17. Nxe1 bxc6 18. Qxd6 Qb6 19. Nd3 Rd8 20. Qg3 c4 21. Ne5 Rxd1+ 22. Kxd1 Bxe5 23. Qxe5 Qxf2 24. Qe4 Qf1+ 25. Kd2 Qf2+ {½-½ Antoniewski,R (2521)-Cyborowski,L (2526) CZE-chT 1819 2018 (3.6)}) 16. a3 Rab8 17. Qf4 b5 18. Rxd6 b4 19. Rxf6 bxc3 20. bxc3 Qxc3 21. Rd6 Qxa3+ 22. Kd2 Qa5+ 23. Kc1 Qa1+ 24. Kd2 Qa5+ 25. Kc1 Qa1+ 26. Kd2 Qa5+ 1/2-1/2

[Event "45th Olympiad 2024"]
[Site "Budapest HUN"]
[Date "2024.09.18"]
[Round "7.1"]
[Board "4"]
[White "Wang, Yue"]
[Black "Harikrishna, Pentala"]
[Result "1/2-1/2"]
[WhiteElo "2637"]
[BlackElo "2686"]
[PlyCount "111"]
[EventDate "2024.09.11"]
[WhiteTeam "China"]
[BlackTeam "India"]
[WhiteTeamCountry "CHN"]
[BlackTeamCountry "IND"]

1. e4 e5 2. Nf3 Nc6 3. Bc4 Bc5 4. O-O Nf6 5. d3 d6 6. c3 a6 7. a4 Ba7 8. Nbd2 O-O 9. h3 Ne7 10. Re1 Ng6 11. d4 h6 12. Bb3 Re8 13. Bc2 b5 14. Nf1 Bd7 15. Ng3 c5 16. axb5 axb5 17. Be3 Qc7 18. dxe5 $146 ({RR} 18. Bd3 Bb6 19. Rxa8 Rxa8 20. Nf5 Re8 21. Qb1 exd4 22. cxd4 c4 23. Bc2 b4 24. Bxh6 gxh6 25. e5 dxe5 26. Nxh6+ Kg7 27. Bxg6 e4 28. Bxf7 Rh8 29. Qc1 Rxh6 30. Qg5+ Kxf7 31. Ne5+ Ke6 32. Qxh6 Bxd4 {½-½ Quesada Perez,Y (2593)-Antipov,M (2609) Pan American Intercollegiate-chT rapid 2021 (9)}) 18... dxe5 19. Nf5 Bxf5 20. exf5 Ne7 21. Nd2 Ned5 22. Be4 Nxe3 23. Rxe3 Rad8 24. Qc2 c4 25. Ree1 Rd6 26. Nf3 Red8 27. Rf1 Nd7 28. Rae1 Nc5 29. Re2 Nd3 30. g3 Qb6 31. Kg2 b4 32. cxb4 Qxb4 33. Qc3 Qc5 34. Bxd3 cxd3 35. Qxc5 Bxc5 36. Rxe5 Bd4 37. Nxd4 Rxd4 38. Rb5 Rc4 39. Rd1 Rc2 40. Kf3 g6 41. fxg6 fxg6 42. Rb7 Rf8+ 43. Ke3 Rcxf2 44. Rxd3 R2f3+ 45. Ke4 Rxd3 46. Kxd3 Rf3+ 47. Kc4 Rxg3 48. b4 Rxh3 49. b5 Rh1 50. Rd7 Rb1 51. Kc5 Rc1+ 52. Kd6 Rb1 53. Kc5 Rc1+ 54. Kd6 Rb1 55. Kc6 Rc1+ 56. Kd6 1/2-1/2

[Event "45th Olympiad 2024"]
[Site "Budapest HUN"]
[Date "2024.09.18"]
[Round "7.2"]
[Board "1"]
[White "Stremavicius, Titas"]
[Black "Rapport, Richard"]
[Result "1/2-1/2"]
[WhiteElo "2527"]
[BlackElo "2715"]
[PlyCount "76"]
[EventDate "2024.09.11"]
[WhiteTeam "Lithuania"]
[BlackTeam "Hungary"]
[WhiteTeamCountry "LTU"]
[BlackTeamCountry "HUN"]

1. d4 Nf6 2. Nf3 d6 3. Nc3 Bf5 4. Nh4 Bd7 5. Nf3 ({RR} 5. e4 e5 6. Nf3 exd4 7. Nxd4 g6 8. f3 Bg7 9. Be3 O-O 10. Qd2 Nc6 11. O-O-O a6 12. h4 Nxd4 13. Bxd4 b5 14. h5 c5 15. Be3 b4 16. Nb1 Nxh5 17. Qxd6 Be6 18. Qxc5 Qf6 19. e5 Qxe5 {1-0 Carlsen,M (2832)-Ibarra Jerez,J (2559) Titled Tue 20th Aug Late 2024 (8)}) ({RR} 5. Bg5 e6 6. Ne4 d5 7. Nxf6+ gxf6 8. Be3 c5 9. Nf3 cxd4 10. Nxd4 e5 11. Nb3 Be6 12. c3 Nc6 13. Bc5 a5 14. Bxf8 Kxf8 15. Nc5 a4 16. Nxe6+ fxe6 17. g3 Qb6 18. Qd2 Kg7 19. Bh3 Na5 {0-1 Hildenbrand,P (2255)-Rapport,R (2646) Neckar op-A 17th 2013 (2)}) 5... d5 ({RR} 5... Nc6 6. e4 e5 7. Bb5 exd4 8. Nxd4 Be7 9. O-O O-O 10. Bxc6 bxc6 11. Qf3 c5 12. Nf5 Bxf5 13. Qxf5 Qc8 14. Qxc8 Rfxc8 15. b3 Nd7 16. Nd5 Bd8 17. Bb2 c6 18. Ne3 Bf6 19. Bxf6 Nxf6 20. f3 {½-½ Yankelevich,L (2408)-Bonin,J (2166) Titled Tue 23rd Jan Late 2024 (5)}) 6. Qd3 $146 ({RR} 6. Bf4 e6 7. e3 a6 8. Ne5 c5 9. g4 Qb6 10. Nxd7 Nbxd7 11. g5 Qxb2 12. Na4 Qa3 13. Nxc5 Bxc5 14. dxc5 Qc3+ 15. Ke2 Ne4 16. f3 e5 17. Bg3 Nxg5 18. Rb1 Nxc5 19. h4 d4 20. Qd2 Nge4 {0-1 Nikitenko,M (2477)-Davtyan,A (2457) Novi Sad TS Mix 200th 2021 (6)}) 6... e6 7. e4 dxe4 8. Nxe4 Nxe4 9. Qxe4 Bc6 10. Qd3 Nd7 11. Be2 h6 12. O-O Bd6 13. Re1 Qf6 14. b3 O-O-O 15. Bb2 Qf4 16. g3 Qe4 17. Qxe4 Bxe4 18. Rac1 Rhe8 19. Nd2 Bg6 20. Nc4 Bb4 21. Red1 Be4 22. a3 Be7 23. Re1 g6 24. Bf1 Bf3 25. Nd2 Bc6 26. Nc4 Bf6 27. Rcd1 Bf3 28. Be2 Bxe2 29. Rxe2 Nb8 30. Rd3 Bg7 31. Rf3 Re7 32. c3 Nc6 33. a4 Rd5 34. b4 a6 35. Ne3 Rdd7 36. b5 Na7 37. bxa6 bxa6 38. Ba3 Re8 1/2-1/2

[Event "45th Olympiad 2024"]
[Site "Budapest HUN"]
[Date "2024.09.18"]
[Round "7.2"]
[Board "2"]
[White "Leko, Peter"]
[Black "Pultinevicius, Paulius"]
[Result "1-0"]
[WhiteElo "2666"]
[BlackElo "2587"]
[PlyCount "45"]
[EventDate "2024.09.11"]
[WhiteTeam "Hungary"]
[BlackTeam "Lithuania"]
[WhiteTeamCountry "HUN"]
[BlackTeamCountry "LTU"]

1. e4 {Oratovsky,Michael} c5 2. Nf3 Nc6 3. Bb5 e6 4. Bxc6 bxc6 5. b3 Ne7 ({RR} 5... d6 6. e5 dxe5 7. Nxe5 Qd4 8. Nc4 Qxa1 9. Nc3) 6. Bb2 d6 ({RR} 6... Ng6 7. h4 h5 8. e5 d6 ({RR} 8... Be7 9. Nc3 ({RR} 9. d3 f6 10. Nbd2 d5 11. exd6 Qxd6 12. g3 e5 13. Qe2 Bg4 14. Qe4 Nf8 15. Nh2 Be6 16. Rg1 Bf7 17. O-O-O Qd5 18. f4 exf4 19. gxf4) 9... f6 10. Ne4 Kf7 11. d3 Qc7 12. Qe2 a5 13. a4 Rb8 14. O-O Nxe5 15. Bxe5 fxe5 16. Neg5+ Bxg5 17. Nxe5+ Ke8 18. hxg5 d6 19. Ng6 Rh7 20. Qe4 Rb4 21. c4 Qf7 22. Ne5) ({RR} 8... c4 9. bxc4 Rb8 10. Bc3 c5 11. d3 Be7 12. Nbd2 f5 13. exf6 gxf6 14. Qe2 Kf7 15. O-O Bb7 16. Rfe1 Qc7 17. Qe3 Rbg8 18. Ne4 e5 19. Bb2 d6 20. c3 Nf4 21. Ng3 f5) 9. exd6 Qxd6 10. Qe2 ({RR} 10. Na3 f6 ({RR} 10... Nf4 11. Be5) 11. Nc4 Qd5 12. d3 e5 13. Ne3 Qf7 14. Nd2) 10... f6 11. Qe4 Kf7 12. Nc3 ({RR} 12. Na3 Qd5) 12... e5 13. O-O-O Be7 14. d3 Be6 15. g3 Rad8 16. Rhf1 ({RR} 16. Qe3 Bg4 17. Ne4 Qd5 18. Rde1) 16... Bh3 17. Rg1 Bg4 18. Rde1 Qe6 19. Nd2 Rd4 20. Qg2 Rhd8 21. f3 {0-1 Adams,M (2734)-Shirov,A (2723) Reykjavik Hrokurinn 2003 (7)} ({RR} 21. Nce4 Kg8)) 7. e5 d5 8. d3 ({RR} 8. O-O Ng6 9. Re1 Be7 10. d3 O-O 11. Nbd2 a5 12. a4 f6 13. Nf1 f5 14. d4 cxd4 15. Nxd4 Bd7 16. c4 Qb6 17. Rc1 Rfd8 18. Qc2 h6 19. c5 Qc7 20. Qc3 Kh7 21. g3 Rab8 22. f4 Nh8 {1-0 Francisco Guecamburu,C (2292)-Gunina,V (2435) Swiss Queens Wed #21 2024 (8.93)}) 8... Qb6 $146 ({RR} 8... Nf5 9. c4 g5 10. g4 Nd4 11. Nxd4 cxd4 12. Bxd4 c5 13. Bb2 Bb7 14. Rg1 d4 15. Qe2 Bg7 16. Kd1 f6 17. exf6 Qxf6 18. Nd2 O-O 19. Rf1 Bg2 20. Kc2 Bxf1 21. Rxf1 a5 22. a4 Rab8 23. Ne4 {1-0 Prie,E (2470)-Vandevoort,P (2310) Brussels zt 1993 (2)}) 9. Nc3 Ng6 10. O-O c4 11. Na4 Qc7 12. d4 Ba6 13. Re1 c5 14. Nxc5 Bxc5 15. dxc5 Qxc5 16. a4 d4 17. Ba3 Qd5 18. Qxd4 Qxd4 19. Nxd4 cxb3 20. Nxb3 O-O-O 21. Bd6 f6 22. Nc5 fxe5 23. Red1 1-0

[Event "45th Olympiad 2024"]
[Site "Budapest HUN"]
[Date "2024.09.18"]
[Round "7.2"]
[Board "3"]
[White "Kazakouski, Valery"]
[Black "Berkes, Ferenc"]
[Result "1/2-1/2"]
[WhiteElo "2577"]
[BlackElo "2605"]
[PlyCount "137"]
[EventDate "2024.09.11"]
[WhiteTeam "Lithuania"]
[BlackTeam "Hungary"]
[WhiteTeamCountry "LTU"]
[BlackTeamCountry "HUN"]

1. c4 c6 2. Nf3 d5 3. g3 g6 4. Qa4 e6 5. Bg2 Bg7 6. O-O Nf6 7. d3 O-O 8. Qc2 Re8 9. Bf4 Nbd7 10. cxd5 exd5 11. Nc3 Nc5 12. b4 $146 ({RR} 12. Be5 Bg4 13. Rfe1 Bxf3 14. Bxf6 Qxf6 15. Bxf3 Ne6 16. Bg2 h5 17. Qa4 a5 18. Rac1 Bh6 19. Rb1 b5 20. Qd1 Rad8 21. a3 h4 22. e4 dxe4 23. Nxe4 Qg7 24. b4 a4 25. Nc5 Nd4 26. Re4 Rxe4 {0-1 Valdes Romero,L (2391)-Van Wely,L (2686) San Sebastian KO GpB 2011 (5)}) 12... Ne6 13. Be5 Bf8 14. Rab1 Ng4 15. e3 Nxe5 16. Nxe5 d4 17. Ne4 Nc7 18. Nc4 Rb8 19. a3 a6 20. Ned2 dxe3 21. fxe3 Nd5 22. e4 Nb6 23. Na5 Bg7 24. Ndb3 Na4 25. Kh1 Nc3 26. Rbe1 Nb5 27. Qf2 Re7 28. d4 Nxa3 29. e5 Be6 30. Nc5 Bd5 31. Re3 Nb5 32. Nab3 Nxd4 33. Nxd4 Bxg2+ 34. Kxg2 Qxd4 35. e6 Qd5+ 36. Kh3 fxe6 37. Qe2 Rbe8 38. Rff3 a5 39. Rd3 Qh5+ 40. Kg2 axb4 41. Qc2 Qe5 42. Qc4 Ra8 43. h4 h6 44. Rd2 b5 45. Qxb4 Rf8 46. Nd3 c5 47. Nxe5 cxb4 48. Nxg6 Rxf3 49. Nxe7+ Kf7 50. Kxf3 Kxe7 51. Rd3 Bc3 52. Ke4 Be1 53. Re3 Bd2 54. Rf3 Bc3 55. g4 Bf6 56. Rh3 b3 57. Rxb3 Bxh4 58. Rxb5 Kf6 59. Rb8 Bg3 60. Rf8+ Kg6 61. Rf3 Bc7 62. Rh3 Kg5 63. Kf3 Bd6 64. Rh5+ Kg6 65. Ke4 Bg3 66. Kd4 Bd6 67. Kc4 Bf4 68. Kc5 Kf6 69. Kd4 1/2-1/2

[Event "45th Olympiad 2024"]
[Site "Budapest HUN"]
[Date "2024.09.18"]
[Round "7.2"]
[Board "4"]
[White "Gledura, Benjamin"]
[Black "Laurusas, Tomas"]
[Result "1/2-1/2"]
[WhiteElo "2628"]
[BlackElo "2569"]
[PlyCount "139"]
[EventDate "2024.09.11"]
[WhiteTeam "Hungary"]
[BlackTeam "Lithuania"]
[WhiteTeamCountry "HUN"]
[BlackTeamCountry "LTU"]

1. c4 c6 2. d4 d5 3. Nf3 Nf6 4. Nc3 dxc4 5. a4 e6 6. e4 Bb4 7. Bxc4 Nxe4 8. O-O Nf6 9. Qe2 Nbd7 10. Rd1 Nb6 11. Bb3 Nbd5 ({RR} 11... a5 12. Ne5 Nbd5 13. Rd3 Qe7 14. Rg3 Kf8 15. Rf3 Qd8 16. g4 h6 17. h4 Bd6 18. g5 hxg5 19. hxg5 Bxe5 20. dxe5 Nd7 21. Bxd5 cxd5 22. Nb5 g6 23. Nd6 Rh7 24. Raa3 Ke7 25. Rh3 Rg7 26. Rac3 {1-0 Laurusas,T (2369)-Beinoras,M (2353) LTU-ch sf Vilnius 2012 (4)}) 12. Nxd5 $146 ({RR} 12. Rd3 b6 13. Bc4 Bb7 14. Ne5 O-O 15. Rg3 Re8 16. Bg5 Be7 17. Re1 c5 18. Bd3 Nxc3 19. bxc3 cxd4 20. Bxf6 Bxf6 21. Qh5 Bxe5 22. Bxh7+ Kf8 23. Qxe5 Qf6 24. Qd6+ Re7 25. Be4 Bxe4 26. Rxe4 dxc3 {½-½ Fier,A (2567)-Svetushkin,D (2589) ESP-chT CECLUB Honor 2012 (4.2)}) ({RR} 12. Rd3 b6 13. Ne5 Ba6 14. Nxc6 Qd6 15. Nxd5 Nxd5 16. Bxd5 Bxd3 17. Qxd3 exd5 18. Qb5 a6 19. Qxb4 Qxc6 20. Bf4 f6 21. Rc1 Qd7 22. Rc7 Qe6 23. h3 Rc8 24. Rxg7 Rc4 25. Qa3 Rg8 26. Rxg8+ Qxg8 {1-0 Mozharov,M (2474)-Shvedchikov,A (2405) Moscow-ch 2012 (9)}) 12... Nxd5 13. Ne5 O-O 14. Bc2 f5 15. Rd3 Bd7 16. Rg3 Be7 17. Bd2 Bf6 18. Re1 Rc8 19. Bb3 Rc7 20. a5 Bc8 21. Rh3 Re8 22. Qh5 g6 23. Qh6 Rg7 24. Rg3 Rf8 25. Nf3 f4 26. Rh3 Be7 27. Re5 Bf6 28. Ng5 Bxe5 29. dxe5 Rf5 30. Nxh7 Rxe5 31. Bc2 Rh5 32. Rxh5 gxh5 33. Bg6 Qe7 34. Qxh5 c5 35. h4 Bd7 36. Ng5 Qf6 37. Bh7+ Kf8 38. Be4 Ke7 39. Nxe6 Bxe6 40. Bxd5 Bxd5 41. Qxd5 Qxb2 42. Qxc5+ Kf7 43. Qc4+ Ke8 44. Qxf4 Qb5 45. Qb8+ Kd7 46. Bf4 Qc6 47. Bg5 Rf7 48. Qxa7 Rf5 49. Qe3 Qd5 50. Qe7+ Kc6 51. Be3 Qd1+ 52. Kh2 Rxa5 53. Bf4 Qd5 54. Qe8+ Kb6 55. Qg6+ Kb5 56. h5 Ra4 57. Qe8+ Ka5 58. Bc7+ Kb4 59. h6 Ra6 60. Qe7+ Kb3 61. Qh4 Qf7 62. Qh3+ Ka2 63. Be5 Qh7 64. Bg7 Rg6 65. Qh4 b5 66. g3 Rxg7 67. hxg7 Qxg7 68. Qb4 Qe5 69. Kg1 Qd5 70. Kh2 1/2-1/2

[Event "45th Olympiad 2024"]
[Site "Budapest HUN"]
[Date "2024.09.18"]
[Round "7.3"]
[Board "1"]
[White "Maghsoodloo, Parham"]
[Black "Le, Quang Liem"]
[Result "1/2-1/2"]
[WhiteElo "2723"]
[BlackElo "2741"]
[PlyCount "83"]
[EventDate "2024.09.11"]
[WhiteTeam "Iran"]
[BlackTeam "Vietnam"]
[WhiteTeamCountry "IRI"]
[BlackTeamCountry "VIE"]

1. e4 {Gormally,Daniel} e5 2. Nf3 Nc6 3. Bb5 Nf6 4. d3 Bc5 5. Bxc6 dxc6 6. Nbd2 Nd7 7. O-O O-O 8. Nc4 Re8 9. a4 a5 10. Kh1 b6 11. Be3 ({RR} 11. b3 f6 12. Be3 Bb4 13. Nh4 Nf8 14. Nf5 Ne6 15. Qg4 g6 16. Qg3 Bc3 17. Rad1 Kh8 18. Nh6 Qe7 19. Qh4 Rf8 20. h3 Qg7 21. Ng4 g5 22. Qg3 Nf4 23. Bd2 Ne2 24. Qh2 Bd4 25. Nge3 Be6 {1-0 Caruana,F (2835)-Ding,L (2791) Carlsen Inv Prelim rapid 2020 (2.4)}) 11... Bb4 ({RR} 11... Bf8 12. b3 Ba6 13. Nfd2 Nc5 14. Qh5 g6 15. Qh3 Qe7 16. Bh6 f6 17. f4 exf4 18. Rxf4 Bxh6 19. Qxh6 Ne6 20. Rf2 Qg7 21. Qh3 Bxc4 22. bxc4 Re7 23. Raf1 Rf8 24. g4 Ref7 25. Nf3 Nc5 26. Qh4 {1-0 Tan,Z (2545)-Zhai Mo (2359) Belt and Road Int Women 2024 (3.2)}) 12. Rg1 $146 ({RR} 12. Nfd2 b5 13. axb5 cxb5 14. c3 ({RR} 14. Na3 Ba6 15. c3 Bxa3 16. Rxa3 b4 17. Rxa5 bxc3 18. bxc3 Bxd3 19. Rxa8 Qxa8 20. Re1 Qc6) 14... bxc4 15. cxb4 cxd3 16. bxa5 Ba6 17. Qb3 Nf6 18. h3 ({RR} 18. f3 Nh5 19. Qc3 ({RR} 19. Nc4) 19... Qh4 20. Kg1 Nf4 21. Bxf4 Qxf4 22. Nb3) 18... Nh5 19. Rfc1 Nf4 20. Rc6 Ne2 ({RR} 20... Nxh3 21. gxh3 Qd7 22. Rac1 Qxh3+ 23. Kg1 Qg4+) 21. Qd5 ({RR} 21. Rxa6 Rxa6 22. Qc4 Qa8 23. Qxd3 Nd4 24. Bxd4 exd4 25. b4 c5) 21... Qb8 ({RR} 21... Qxd5 22. exd5 Red8 23. Rxc7 Rxd5 24. b4 Rb5 25. Rb1 f5) 22. Rxa6 Rxa6 23. Qxd3 Qxb2 24. Rb1 Rd6 25. Qxe2 Qa2 26. Qb5 c6 {1-0 Anand,V (2780)-Kramnik,V (2810) Zuerich Chess Challenge 2013 (6)}) 12... b5 13. Na3 Ba6 14. Nb1 Bb7 15. Nfd2 Nb6 16. b3 Qd7 17. Qe2 Nc8 18. f3 Ne7 19. Qf2 Ng6 20. Nf1 Nf4 21. Ng3 g6 22. d4 Bd6 23. Nc3 b4 24. dxe5 Bxe5 25. Rad1 Qe7 26. Nce2 Nxe2 27. Nxe2 Rad8 28. Bc5 Bd6 29. Bxd6 cxd6 30. Qb6 d5 31. Ng3 h5 32. exd5 cxd5 33. h3 Rc8 34. Rge1 Qxe1+ 35. Rxe1 Rxe1+ 36. Kh2 h4 37. Qxb7 hxg3+ 38. Kxg3 Rxc2 39. Qxd5 Rb1 40. Qd8+ Kg7 41. Qd4+ Kg8 42. Qd8+ 1/2-1/2

[Event "45th Olympiad 2024"]
[Site "Budapest HUN"]
[Date "2024.09.18"]
[Round "7.3"]
[Board "2"]
[White "Nguyen, Ngoc Truong Son"]
[Black "Tabatabaei, M. Amin"]
[Result "1/2-1/2"]
[WhiteElo "2633"]
[BlackElo "2714"]
[PlyCount "60"]
[EventDate "2024.09.11"]
[WhiteTeam "Vietnam"]
[BlackTeam "Iran"]
[WhiteTeamCountry "VIE"]
[BlackTeamCountry "IRI"]

1. d4 d5 2. c4 e6 3. Nc3 Be7 4. cxd5 exd5 5. Bf4 c6 6. e3 Bf5 7. Bd3 Bxd3 8. Qxd3 Nf6 9. Nf3 O-O 10. O-O Re8 11. h3 Nbd7 12. Rab1 a5 13. Qc2 Bf8 ({RR} 13... Nb6 14. b3 Bd6 15. Ne5 Qe7 16. Nd3 Bxf4 17. Nxf4 Ne4 18. Nxe4 Qxe4 19. Qxe4 Rxe4 20. Nd3 Re7 21. Nc5 Nc8 22. Nd3 Nd6 23. Rfc1 f6 24. g4 Kf7 25. Kg2 a4 26. Nc5 axb3 27. axb3 Ra2 28. Ra1 {½-½ Fressinet,L (2677)-Gustafsson,J (2646) Oberhof m2 blitz 2011 (1)}) 14. a3 ({RR} 14. Bg5 Qb8 15. Bxf6 Nxf6 16. a3 Bd6 17. b4 axb4 18. axb4 b5 19. Ne1 Nd7 20. Nd3 Nb6 21. Nc5 Nc4 22. Ra1 Qc7 23. e4 Rxa1 24. Rxa1 Bxc5 25. dxc5 d4 26. Ne2 Qe5 27. Rd1 Rd8 28. f4 Qc7 {½-½ Melikhov,E (2172)-Yuan,Q (2360) Titled Tue 16th Apr Late 2024 (1)}) 14... h6 $146 ({RR} 14... Ne4 15. Nxe4 dxe4 16. Nd2 Qe7 17. b4 axb4 18. axb4 f5 19. b5 c5 20. Nb3 b6 21. Ra1 Rec8 22. Ra6 Qf7 23. dxc5 Nxc5 24. Nxc5 Bxc5 25. Rfa1 Rxa6 26. bxa6 Ra8 27. Qa4 Qf6 28. Kh2 g5 29. Bg3 {½-½ Nesterov,A (2018)-Tsoi,D (1985) Loo Autumn 2014 (2)}) 15. Rfe1 Rc8 16. Rbd1 b5 17. Ne5 Nxe5 18. Bxe5 Nd7 19. Bg3 Nb6 20. a4 Bb4 21. Re2 Bxc3 22. Qxc3 Nxa4 23. Qe1 Ra8 24. Ra1 Nb6 25. Rxa5 Nd7 26. Ra1 c5 27. Rxa8 Qxa8 28. dxc5 Nxc5 29. Qb4 Qa4 30. Qxa4 bxa4 1/2-1/2

[Event "45th Olympiad 2024"]
[Site "Budapest HUN"]
[Date "2024.09.18"]
[Round "7.3"]
[Board "3"]
[White "Daneshvar, Bardiya"]
[Black "Le, Tuan Minh"]
[Result "1/2-1/2"]
[WhiteElo "2598"]
[BlackElo "2564"]
[PlyCount "165"]
[EventDate "2024.09.11"]
[WhiteTeam "Iran"]
[BlackTeam "Vietnam"]
[WhiteTeamCountry "IRI"]
[BlackTeamCountry "VIE"]

1. c4 {Sagar,Shah} e6 2. g3 d5 3. Bg2 dxc4 4. Qa4+ ({RR} 4. Nf3 Nf6 5. Qa4+) 4... c6 5. Qxc4 b5 6. Qc2 Nf6 ({RR} 6... Bb7 7. Nf3 Nd7 ({RR} 7... Nf6) 8. Nc3 Rc8 9. O-O a6 10. d4 c5 ({RR} 10... Ngf6 11. Ne5) 11. d5 exd5 12. Nh4 Ndf6 ({RR} 12... Ngf6 13. Rd1 Be7 ({RR} 13... Nb6 14. a4 ({RR} 14. Nxd5 Nbxd5 15. e4) 14... b4 15. a5 bxc3 16. axb6) 14. Nxd5 ({RR} 14. Nf5 O-O 15. Bxd5 Nxd5 16. Nxd5 Bxd5 17. Rxd5) 14... Bxd5 ({RR} 14... Nxd5 15. Nf5 g6 16. Bxd5 Bxd5 17. Ng7+ Kf8 18. Bh6 Kg8 19. Rxd5) 15. Bxd5 Nxd5 16. Rxd5 Bxh4 17. gxh4 Qxh4 18. Qf5) 13. Rd1 g6 ({RR} 13... Qb6 14. Nxd5 Bxd5 15. Bxd5 Nxd5 16. Rxd5 Ne7 17. Rd3) 14. Nxd5 Nxd5 15. e4 Bg7 16. exd5 Nf6 17. Qe2+ ({RR} 17. Re1+ Kf8 18. Be3 c4 19. Rad1) 17... Kf8 ({RR} 17... Qe7 18. Qxe7+ Kxe7 19. d6+) 18. a4 b4 19. Be3 Qd6 20. Rac1 Nd7 21. Nf3 {1-0 Aronian,L (2799)-Ivanchuk,V (2728) FIDE World Cup 2017 (5.1)}) ({RR} 6... Bb7 7. Nf3 Nd7 8. O-O c5 9. a4 a6 10. Nc3 b4 11. Ne4 Rc8 12. d3 Ngf6 13. Nxf6+ Nxf6 14. Bg5 Be7 15. a5 h6 16. Bf4 O-O 17. Nd2 Bxg2 18. Kxg2 Qd5+ 19. f3 Qb7 20. Nc4 Nd5 21. Bd2 {1-0 Yeritsyan,H (2203)-Yang Kaiqi (2481) Titled Tue 23rd Jan Early 2024 (10)}) 7. a4 b4 8. b3 $146 ({RR} 8. d3 Bb7 9. Nd2 Nbd7 10. Nc4 a5 11. Bf4 Nc5 12. Nf3 Nd5 13. Bd2 b3 14. Qd1 Nb4 15. Bxb4 axb4 16. a5 Be7 17. O-O O-O 18. d4 Na6 19. Nb6 Ra7 20. Qxb3 c5 21. Rfd1 Bc6 22. Ne5 Bxg2 {1-0 Gombocz,F (2191)-Ragnarsson,J (1916) EU-ch 21st Reykjavik 2021 (4)}) 8... Be7 9. Bb2 Bb7 10. d3 O-O 11. Nd2 Qd7 12. Ngf3 c5 13. Ne5 Qc7 14. Bxb7 Qxb7 15. O-O Nfd7 16. Rac1 Nxe5 17. Bxe5 Nc6 18. Bb2 Rac8 19. Qc4 Rfd8 20. Qg4 Bf8 21. Nc4 Qe7 22. h4 g6 23. Qg5 Bg7 24. Qxe7 Nxe7 25. Rc2 Nc6 26. Rfc1 f5 27. f4 Bxb2 28. Rxb2 Kg7 29. Kf2 Kf6 30. Nd2 Rd5 31. Nf3 h6 32. Rbc2 Na5 33. Rb1 Nc6 34. Rbc1 Na5 35. Rb2 Nc6 36. Rc4 Na5 37. Rcc2 Nc6 38. Rc1 Kg7 39. h5 gxh5 40. Rh1 Kg6 41. Nh4+ Kg7 42. Ng2 Kg6 43. Rbb1 Kg7 44. Ne3 Rd7 45. Rxh5 Ne7 46. Rbh1 Rh8 47. Rc1 Rc7 48. g4 Rf8 49. Rg1 fxg4 50. Nxg4 Rxf4+ 51. Ke3 Rd4 52. Kd2 Rd5 53. Nxh6+ Kf8 54. Rh4 Rd4 55. Rh3 Rf4 56. Rg5 Ke8 57. Ng4 Nc6 58. Ne5 Na5 59. Kc2 Nb7 60. Rh6 Nd8 61. Ng6 Rf5 62. Rh8+ Kd7 63. Ne5+ Kd6 64. Nc4+ Kd7 65. Rxf5 exf5 66. Ne3 Nc6 67. Rh7+ Kd8 68. Rh8+ Kd7 69. Nxf5 Ke6 70. Rh5 Rf7 71. e4 Rf6 72. Rg5 Ke5 73. Kd2 Kf4 74. Rg1 Na5 75. Kc2 Rf8 76. Rf1+ Ke5 77. Rf2 Nc6 78. Rh2 Rg8 79. Kb2 Rg1 80. Rc2 Kf4 81. Rf2+ Ke5 82. Rc2 Kf4 83. Rf2+ 1/2-1/2